| 000 | 00403nam a22001457a 4500 | ||
|---|---|---|---|
| 003 | NUST | ||
| 020 | _a9787508543543 | ||
| 082 |
_a915.951 _bINT |
||
| 100 |
_aQingmin,Zhang _986510 |
||
| 245 | _aInterpretation of China's philosophy on diplomacy in the new Era | ||
| 260 |
_aChina _bChina Intercontinental press _c 2020. |
||
| 300 |
_a277p _bPaperback, _c23cm. |
||
| 563 | _aPaperback | ||
| 942 |
_2ddc _cBK |
||
| 999 |
_c608416 _d608416 |
||